| 000 | 00841cam a2200277 4500 | ||
|---|---|---|---|
| 001 | 4091120 | ||
| 003 | OSt | ||
| 005 | 20220418102728.0 | ||
| 008 | 730719s1972 at b 001 0 eng | ||
| 010 | _a 73164293 | ||
| 015 | _aAus*** | ||
| 020 | _a0522840272 | ||
| 040 |
_aDLC _cHU _dDLC |
||
| 043 | _au-at--- | ||
| 050 | 0 | 0 |
_aLB1140.2 _b.A83 |
| 082 | 0 | 0 | _a371.21/0994 |
| 100 | 1 |
_aAshby, Gerald. _936276 |
|
| 245 | 1 | 0 |
_aPre-school theories and strategies _c[by] G. F. Ashby. |
| 260 |
_a[Carlton, Australia] _bMelbourne University Press _c[1972] |
||
| 300 |
_a79 p. _c22 cm. |
||
| 440 | 4 |
_aThe Second century in Australian education, _v6 _936277 |
|
| 504 | _aIncludes bibliographical references. | ||
| 650 | 0 |
_aEducation, Preschool _zAustralia. _936278 |
|
| 906 |
_a7 _bcbc _corignew _d3 _encip _f19 _gy-gencatlg |
||
| 942 |
_2ddc _cBOOKS _n0 |
||
| 999 |
_c35045 _d35045 |
||